[Event "Basel Easter op"]
[Site "Basel"]
[Date "2023.04.07"]
[Round "2"]
[White "Rohrer, Christophe"]
[Black "Perreard, Nicolas"]
[Result "1-0"]
[WhiteElo "2283"]
[BlackElo "2083"]
[PlyCount "111"]
[EventDate "2023.04.06"]
[EventType "swiss"]
[EventRounds "9"]
[EventCountry "SUI"]
[SourceTitle "CBM 213 Extra"]
[Source "ChessBase"]
[SourceDate "2023.05.31"]
[SourceVersion "1"]
[SourceVersionDate "2023.05.31"]
[SourceQuality "1"]

1. e4 e5 2. Nf3 Nf6 3. Nxe5 d6 4. Nf3 Nxe4 5. Nc3 Nxc3 6. dxc3 Be7 7. Be3 0-0 8. Qd2 Nd7 9. 0-0-0 c6 10. Kb1 d5 11. h4 Nc5 12. c4 Ne4 13. Qc1 Qa5 14. cxd5 cxd5 15. Nd4 Be6 16. Bd3 Nc5 17. Bf5 Bf6 18. Nxe6 Nxe6 19. Bg5 d4 20. Bd3 Qd8 21. Qd2 Nc5 22. Qf4 Re8 23. Rh3 Nxd3 24. Rhxd3 Re2 25. Qf3 Qe7 26. Be3 Rxc2 27. Kxc2 Rc8+ 28. Kb1 dxe3 29. Qxe3 Qb4 30. Rb3 Qa4 31. g3 g6 32. Qd3 Rc4 33. Qd7 Rc6 34. Qd5 Rc7 35. f3 a6 36. h5 Kg7 37. hxg6 hxg6 38. g4 g5 39. Qd2 Qe8 40. Rh1 Rd7 41. Qh2 Qd8 42. Qh7+ Kf8 43. Rc1 Be5 44. Qh6+ Kg8 45. a3 Rd2 46. Qb6 Qd5 47. Qxb7 Qd4 48. Qb4 Qf2 49. Rc8+ Kg7 50. Qf8+ Kg6 51. Rc6+ f6 52. Qg8+ Kh6 53. Qh8+ Kg6 54. Qh5+ Kg7 55. Rb7+ Kf8 56. Qh8# 1-0

[Event "SUI-chT"]
[Site "Switzerland"]
[Date "2022.09.18"]
[Round "7.7"]
[White "Perreard, Nicolas"]
[Black "Lepot, Simon"]
[Result "1/2-1/2"]
[WhiteElo "2071"]
[BlackElo "2193"]
[PlyCount "70"]
[EventDate "2022.05.01"]
[EventType "team-tourn"]
[EventRounds "9"]
[EventCountry "SUI"]
[SourceTitle "EXT 2023"]
[Source "ChessBase"]
[SourceDate "2022.10.05"]
[SourceVersion "1"]
[SourceVersionDate "2022.10.05"]
[SourceQuality "1"]
[WhiteTeam "Echallens"]
[BlackTeam "Reti"]
[WhiteTeamCountry "SUI"]
[BlackTeamCountry "SUI"]

1. d4 Nf6 2. c4 g6 3. Nc3 Bg7 4. e4 d6 5. Nf3 0-0 6. Be2 e5 7. d5 c5 8. 0-0 a6 9. a3 b6 10. Rb1 Ne8 11. b4 f5 12. bxc5 bxc5 13. Nd2 Bh6 14. Qc2 Nf6 15. Nb3 Bxc1 16. Rfxc1 Nxe4 17. Nxe4 fxe4 18. Nd2 Bf5 19. Nxe4 Nd7 20. Bd3 Bxe4 21. Bxe4 Kh8 22. Rb7 Rb8 23. Rcb1 Rxb7 24. Rxb7 Qa5 25. g3 Qe1+ 26. Kg2 Nf6 27. f3 Ng4 28. Kh3 Nf2+ 29. Kg2 Ng4 30. Kh3 Nf2+ 31. Kg2 Nd1 32. Qd3 Ne3+ 33. Kh3 Qf2 34. f4 Nf1 35. Bg2 Ne3 1/2-1/2

[Event "SUI-chT"]
[Site "Switzerland"]
[Date "2022.09.04"]
[Round "5.7"]
[White "Bajraktari, Perparim"]
[Black "Perreard, Nicolas"]
[Result "1/2-1/2"]
[WhiteElo "2180"]
[BlackElo "2071"]
[PlyCount "64"]
[EventDate "2022.05.01"]
[EventType "team-tourn"]
[EventRounds "9"]
[EventCountry "SUI"]
[SourceTitle "EXT 2023"]
[Source "ChessBase"]
[SourceDate "2022.10.05"]
[SourceVersion "1"]
[SourceVersionDate "2022.10.05"]
[SourceQuality "1"]
[WhiteTeam "Nimzowitsch"]
[BlackTeam "Echallens"]
[WhiteTeamCountry "SUI"]
[BlackTeamCountry "SUI"]

1. c4 e6 2. g3 Nf6 3. Bg2 d5 4. Nf3 c6 5. b3 Be7 6. Bb2 0-0 7. 0-0 b6 8. d3 Nbd7 9. Nbd2 Ba6 10. Re1 Rc8 11. Rc1 c5 12. e4 d4 13. b4 Qc7 14. b5 Bb7 15. a4 e5 16. Ra1 h6 17. a5 Nh7 18. Qe2 Rce8 19. axb6 axb6 20. Ra7 Ra8 21. Rea1 Rxa7 22. Rxa7 Ra8 23. Rxa8+ Bxa8 24. Qd1 Qa7 25. Qa1 Qxa1+ 26. Bxa1 Bd6 27. Bb2 Ndf8 28. Bc1 Bb7 29. Nh4 g6 30. Nf1 Kg7 31. Bh3 Be7 32. Nf3 Bd6 1/2-1/2

[Event "SUI-chT"]
[Site "Switzerland"]
[Date "2022.09.03"]
[Round "4.8"]
[White "Vilaseca, Laurent"]
[Black "Perreard, Nicolas"]
[Result "1/2-1/2"]
[WhiteElo "2068"]
[BlackElo "2071"]
[PlyCount "80"]
[EventDate "2022.05.01"]
[EventType "team-tourn"]
[EventRounds "9"]
[EventCountry "SUI"]
[SourceTitle "EXT 2023"]
[Source "ChessBase"]
[SourceDate "2022.10.05"]
[SourceVersion "1"]
[SourceVersionDate "2022.10.05"]
[SourceQuality "1"]
[WhiteTeam "Nyon"]
[BlackTeam "Echallens"]
[WhiteTeamCountry "SUI"]
[BlackTeamCountry "SUI"]

1. d4 Nf6 2. Nf3 d5 3. c4 e6 4. g3 c6 5. Bg2 Be7 6. 0-0 0-0 7. Nc3 b6 8. Bf4 Ba6 9. cxd5 cxd5 10. Ne5 Nfd7 11. Nd3 Nc6 12. Qa4 Na5 13. Nb5 Bxb5 14. Qxb5 a6 15. Qa4 b5 16. Qd1 f5 17. Rc1 Rc8 18. h4 Qb6 19. b4 Nc4 20. Nc5 Nf6 21. a4 Kf7 22. Ra1 Ra8 23. Qb3 Ra7 24. Bf3 Bd6 25. Bxd6 Nxd6 26. axb5 axb5 27. Ra2 Rfa8 28. Rfa1 Nc4 29. Qc2 g6 30. Kg2 h6 31. Rxa7+ Rxa7 32. Qc1 Rxa1 33. Qxa1 g5 34. hxg5 hxg5 35. e3 g4 36. Be2 Nd6 37. Qa8 Nfe8 38. f3 gxf3+ 39. Bxf3 Ke7 40. Bh5 Qc7 1/2-1/2

[Event "SUI-chT"]
[Site "Switzerland"]
[Date "2022.05.01"]
[Round "1.5"]
[White "Hakimifard, Ghazal"]
[Black "Perreard, Nicolas"]
[Result "1/2-1/2"]
[WhiteElo "2288"]
[BlackElo "2071"]
[PlyCount "62"]
[EventDate "2022.05.01"]
[EventType "team-tourn"]
[EventRounds "9"]
[EventCountry "SUI"]
[SourceTitle "EXT 2023"]
[Source "ChessBase"]
[SourceDate "2022.10.05"]
[SourceVersion "1"]
[SourceVersionDate "2022.10.05"]
[SourceQuality "1"]
[WhiteTeam "Luzern"]
[BlackTeam "Echallens"]
[WhiteTeamCountry "SUI"]
[BlackTeamCountry "SUI"]

1. e4 e5 2. Nf3 Nf6 3. Nxe5 d6 4. Nf3 Nxe4 5. Nc3 Nxc3 6. dxc3 Be7 7. Be3 0-0 8. h4 Nd7 9. Bd3 c6 10. Qe2 d5 11. 0-0-0 Nc5 12. Bg5 Re8 13. Qd2 Nxd3+ 14. Qxd3 h6 15. Bxe7 Rxe7 16. h5 Bg4 17. Kb1 Bxf3 18. Qxf3 Re5 19. c4 Qg5 20. cxd5 Rxd5 21. Rxd5 Qxd5 22. Qxd5 cxd5 23. Re1 Kf8 24. b4 Re8 25. Rd1 Re5 26. g4 Re4 27. a3 Rxg4 28. Rxd5 Ke7 29. Re5+ Kd7 30. Rd5+ Ke7 31. Re5+ Kd7 1/2-1/2

[Event "SUI-chT"]
[Site "Switzerland"]
[Date "2021.12.12"]
[Round "9.7"]
[White "Schweighoffer, Martin"]
[Black "Perreard, Nicolas"]
[Result "1/2-1/2"]
[WhiteElo "2119"]
[BlackElo "1981"]
[PlyCount "141"]
[EventDate "2021.08.29"]
[EventType "team-tourn"]
[EventRounds "9"]
[EventCountry "SUI"]
[SourceTitle "EXT 2023"]
[Source "ChessBase"]
[SourceDate "2022.10.05"]
[SourceVersion "1"]
[SourceVersionDate "2022.10.05"]
[SourceQuality "1"]
[WhiteTeam "Winterthur"]
[BlackTeam "Echallens"]
[WhiteTeamCountry "SUI"]
[BlackTeamCountry "SUI"]

1. d4 d5 2. Bf4 c6 3. c3 Bf5 4. e3 Nd7 5. Bd3 e6 6. Ne2 Qb6 7. Bxf5 exf5 8. Qb3 Be7 9. h4 Ngf6 10. Ng3 g6 11. f3 0-0-0 12. Nd2 Rde8 13. Qxb6 Nxb6 14. 0-0-0 Bd8 15. e4 fxe4 16. fxe4 dxe4 17. Be5 e3 18. Nde4 Re6 19. Ng5 Rhe8 20. Nxe6 Rxe6 21. Bxf6 Bxf6 22. Rdf1 Nc4 23. Ne2 Nd2 24. Rf4 h5 25. Kc2 Kd7 26. Kd3 Ke8 27. Rh3 Bg7 28. Rxe3 Rxe3+ 29. Kxe3 Nc4+ 30. Kf3 Nxb2 31. Re4+ Kd7 32. Rf4 Ke8 33. g4 hxg4+ 34. Rxg4 Bf6 35. Ng3 Na4 36. Ne2 Nb6 37. Ke3 Nd5+ 38. Kd3 b5 39. Nf4 Ke7 40. Ng2 b4 41. cxb4 Nxb4+ 42. Kc4 Nd5 43. Re4+ Kd6 44. Re8 Be7 45. Rb8 Kc7 46. Rh8 Kd6 47. h5 gxh5 48. Rxh5 Ke6 49. Re5+ Kd7 50. Re2 Bd6 51. Nh4 Ne7 52. Rb2 Kc7 53. Re2 Kd7 54. Nf3 f6 55. Nd2 f5 56. Nb3 Nd5 57. Nc5+ Kc7 58. Rb2 Nb6+ 59. Kd3 Kc8 60. Rf2 f4 61. Ke4 Nd5 62. Kf5 Nc3 63. Ke6 Bc7 64. Rc2 Nb5 65. Nb3 f3 66. a4 Nd6 67. Nc5 Nb7 68. Ne4 Nd8+ 69. Kf5 Bb6 70. d5 Kd7 71. Rd2 1/2-1/2

[Event "SUI-chT"]
[Site "Switzerland"]
[Date "2021.12.11"]
[Round "8.8"]
[White "Perreard, Nicolas"]
[Black "Wuethrich, Lorenz"]
[Result "1-0"]
[WhiteElo "1981"]
[BlackElo "2123"]
[PlyCount "35"]
[EventDate "2021.08.29"]
[EventType "team-tourn"]
[EventRounds "9"]
[EventCountry "SUI"]
[SourceTitle "EXT 2023"]
[Source "ChessBase"]
[SourceDate "2022.10.05"]
[SourceVersion "1"]
[SourceVersionDate "2022.10.05"]
[SourceQuality "1"]
[WhiteTeam "Echallens"]
[BlackTeam "Reti"]
[WhiteTeamCountry "SUI"]
[BlackTeamCountry "SUI"]

1. d4 d5 2. c4 c6 3. Nc3 Nf6 4. e3 a6 5. a3 e6 6. Nf3 Nbd7 7. Bd3 Bd6 8. e4 dxe4 9. Nxe4 Nxe4 10. Bxe4 Nf6 11. Bc2 0-0 12. Qd3 g6 13. Bg5 Kg7 14. h4 h6 15. Bd2 c5 16. h5 gxh5 17. Rxh5 Nxh5 18. Bxh6+ 1-0

[Event "SUI-chT"]
[Site "Switzerland"]
[Date "2021.10.10"]
[Round "3.8"]
[White "Belhadri, Benmia"]
[Black "Perreard, Nicolas"]
[Result "1-0"]
[WhiteElo "2018"]
[BlackElo "1981"]
[PlyCount "77"]
[EventDate "2021.08.29"]
[EventType "team-tourn"]
[EventRounds "9"]
[EventCountry "SUI"]
[SourceTitle "EXT 2023"]
[Source "ChessBase"]
[SourceDate "2022.10.05"]
[SourceVersion "1"]
[SourceVersionDate "2022.10.05"]
[SourceQuality "1"]
[WhiteTeam "Luzern"]
[BlackTeam "Echallens"]
[WhiteTeamCountry "SUI"]
[BlackTeamCountry "SUI"]

1. d4 d5 2. Nf3 Nf6 3. e3 e6 4. Bd3 c5 5. b3 Nc6 6. Bb2 b6 7. Nbd2 Bb7 8. 0-0 Qc7 9. Ne5 Nxe5 10. dxe5 Nd7 11. f4 g6 12. e4 c4 13. bxc4 dxe4 14. Nxe4 Bc5+ 15. Kh1 Qc6 16. Qe2 0-0-0 17. Ng5 Rdf8 18. Be4 Qc7 19. a4 h6 20. Bxb7+ Kxb7 21. Ne4 a5 22. Ba3 Rd8 23. Bxc5 Nxc5 24. Nd6+ Kb8 25. Rfb1 Rd7 26. Rb5 Qc6 27. Qe3 Kc7 28. h3 Ra8 29. Rbb1 Rad8 30. Rb5 Ra8 31. Rab1 Nxa4 32. Qa3 Nc5 33. Rxb6 Qxb6 34. Rxb6 Kxb6 35. Qb2+ Ka7 36. Qb5 Rc7 37. Qxa5+ Kb8 38. Qb6+ Nb7 39. c5 1-0

[Event "Biel HTO 53rd"]
[Site "Biel"]
[Date "2020.07.29"]
[Round "9"]
[White "Siebrecht, Sebastian"]
[Black "Perreard, Nicolas"]
[Result "1-0"]
[WhiteElo "2429"]
[BlackElo "1956"]
[PlyCount "101"]
[EventDate "2020.07.20"]
[EventType "swiss"]
[EventRounds "9"]
[EventCountry "SUI"]
[SourceTitle "CBM 197"]
[Source "ChessBase"]
[SourceDate "2020.07.27"]
[SourceVersion "1"]
[SourceVersionDate "2020.07.27"]
[SourceQuality "1"]

1. Nf3 d5 2. e3 Nf6 3. c4 e6 4. d4 c5 5. dxc5 Bxc5 6. a3 dxc4 7. Qxd8+ Kxd8 8. Bxc4 a6 9. b4 Ba7 10. a4 a5 11. Ba3 axb4 12. Bxb4 Nbd7 13. Ng5 Ne5 14. Nd2 h6 15. Ngf3 Nc6 16. Ba3 Bb6 17. Ke2 Bd7 18. Rhd1 Bc7 19. Bb5 Nd5 20. Bb2 Ke7 21. Nc4 f6 22. g3 Rhd8 23. e4 Nb6 24. Ba3+ Ke8 25. Nd6+ Bxd6 26. Bxd6 Na7 27. Bxd7+ Rxd7 28. Bc5 Rxd1 29. Kxd1 Nc4 30. Rb1 Na5 31. Nd4 Kd7 32. Rb6 N7c6 33. Nxc6 bxc6 34. Rb4 Kc7 35. Bb6+ Kc8 36. Kc2 Nb7 37. Rc4 Kd7 38. Rd4+ Kc8 39. a5 Ra6 40. Kb2 c5 41. Rd1 Rxa5 42. Bxa5 Nxa5 43. Ra1 Nc4+ 44. Kc3 Nd6 45. f3 Kd8 46. Ra5 e5 47. Rxc5 Ke7 48. Rc7+ Kf8 49. Kb4 g5 50. Kc5 Nf7 51. Kd5 1-0

[Event "Biel HTO 53rd"]
[Site "Biel"]
[Date "2020.07.28"]
[Round "8"]
[White "Perreard, Nicolas"]
[Black "Carre, Sylvain"]
[Result "1-0"]
[WhiteElo "1956"]
[BlackElo "2106"]
[PlyCount "105"]
[EventDate "2020.07.20"]
[EventType "swiss"]
[EventRounds "9"]
[EventCountry "SUI"]
[SourceTitle "CBM 197"]
[Source "ChessBase"]
[SourceDate "2020.07.27"]
[SourceVersion "1"]
[SourceVersionDate "2020.07.27"]
[SourceQuality "1"]

1. d4 d5 2. c4 c5 3. Nf3 Nf6 4. e3 dxc4 5. Bxc4 e6 6. 0-0 a6 7. b3 b5 8. Bd3 Bb7 9. Bb2 cxd4 10. Nxd4 Be7 11. e4 0-0 12. Re1 Bc5 13. Bc2 Nc6 14. Nxc6 Qxd1 15. Rxd1 Bxc6 16. Nc3 Ba7 17. b4 Rac8 18. Rd2 Rfd8 19. Rad1 Rxd2 20. Rxd2 Kf8 21. h3 Ke7 22. Kf1 Bb7 23. f3 Nh5 24. Bb3 Ng3+ 25. Ke1 g5 26. Ne2 Nxe2 27. Kxe2 Bb8 28. Bd4 Bf4 29. Be3 h5 30. Bxf4 gxf4 31. Rc2 Rxc2+ 32. Bxc2 Kf6 33. h4 Ke5 34. Kd3 Bc6 35. Kc3 Be8 36. Bd3 f6 37. a4 bxa4 38. Bxa6 a3 39. b5 Kd6 40. b6 Bf7 41. Kb3 e5+ 42. Kxa3 Kc6 43. b7 Kc7 44. Kb4 Be6 45. Kc5 Bb3 46. Bc4 Bc2 47. b8Q+ Kxb8 48. Kd6 Kc8 49. Ke6 Kc7 50. Kxf6 Kd6 51. Bf7 Bd3 52. Bxh5 Bf1 53. Bg4 1-0

[Event "Biel HTO 53rd"]
[Site "Biel"]
[Date "2020.07.27"]
[Round "7"]
[White "Zafeiridis, Athanasios"]
[Black "Perreard, Nicolas"]
[Result "0-1"]
[WhiteElo "1504"]
[BlackElo "1956"]
[PlyCount "113"]
[EventDate "2020.07.20"]
[EventType "swiss"]
[EventRounds "9"]
[EventCountry "SUI"]
[SourceTitle "CBM 197"]
[Source "ChessBase"]
[SourceDate "2020.07.27"]
[SourceVersion "1"]
[SourceVersionDate "2020.07.27"]
[SourceQuality "1"]

1. e4 e5 2. Nf3 Nf6 3. Nc3 Bb4 4. a3 Bxc3 5. dxc3 d6 6. Bd3 h6 7. h3 0-0 8. 0-0 b6 9. Qe2 Bb7 10. Nh2 Nbd7 11. f3 Re8 12. Ng4 Nh5 13. Qf2 Nf8 14. f4 exf4 15. Bxf4 Nxf4 16. Qxf4 Re7 17. e5 dxe5 18. Nxe5 Qd5 19. Nf3 Ng6 20. Bxg6 fxg6 21. Rad1 Qb5 22. Qb4 Qxb4 23. cxb4 c5 24. bxc5 bxc5 25. Rfe1 Rae8 26. Kf2 Kf7 27. Rxe7+ Rxe7 28. Re1 Rxe1 29. Nxe1 Ke6 30. Nd3 Kd6 31. g3 g5 32. Ke3 Bg2 33. Nf2 Kd5 34. Kd3 Bf1+ 35. Kc3 h5 36. b4 cxb4+ 37. axb4 h4 38. gxh4 gxh4 39. Nd3 g5 40. Nf2 Ke5 41. Kd2 Kf4 42. Ke1 Bc4 43. Kd2 Kf3 44. Ke1 Be6 45. Kf1 Ke3 46. Kg1 Kd4 47. Kh2 Bf5 48. Kg2 Kc3 49. b5 Kxc2 50. Kf3 Kb3 51. Ne4 Bxe4+ 52. Kxe4 Kb4 53. Kf5 Kxb5 54. Kxg5 a5 55. Kxh4 a4 56. Kg5 a3 57. h4 0-1

[Event "Biel HTO 53rd"]
[Site "Biel"]
[Date "2020.07.24"]
[Round "5"]
[White "Lorscheid, Gerhard"]
[Black "Perreard, Nicolas"]
[Result "1/2-1/2"]
[WhiteElo "2241"]
[BlackElo "1956"]
[PlyCount "51"]
[EventDate "2020.07.20"]
[EventType "swiss"]
[EventRounds "9"]
[EventCountry "SUI"]
[SourceTitle "CBM 197"]
[Source "ChessBase"]
[SourceDate "2020.07.27"]
[SourceVersion "1"]
[SourceVersionDate "2020.07.27"]
[SourceQuality "1"]

1. d4 d5 2. c4 e6 3. Nc3 Nf6 4. Bf4 c5 5. dxc5 Bxc5 6. e3 0-0 7. Nf3 Nc6 8. cxd5 exd5 9. a3 a6 10. Ne5 Re8 11. Nxc6 bxc6 12. Be2 d4 13. Na4 Ba7 14. exd4 Bg4 15. f3 Nd5 16. Bc1 Bxf3 17. gxf3 Qh4+ 18. Kd2 Qxd4+ 19. Kc2 Qxa4+ 20. Kb1 Qxd1 21. Bxd1 Rab8 22. Ka2 Bd4 23. Rb1 c5 24. Be3 Nxe3 25. Re1 c4 26. Ba4 1/2-1/2

[Event "SUI-ch HT 119th"]
[Site "Leukerbad"]
[Date "2019.07.15"]
[Round "5"]
[White "Perreard, Nicolas"]
[Black "Sterkman, Christoph"]
[Result "1-0"]
[WhiteElo "2100"]
[BlackElo "2095"]
[PlyCount "77"]
[EventDate "2019.07.11"]
[EventType "swiss"]
[EventRounds "9"]
[EventCountry "SUI"]
[SourceTitle "EXT 2020"]
[Source "ChessBase"]
[SourceDate "2019.10.17"]
[SourceVersion "1"]
[SourceVersionDate "2019.10.17"]
[SourceQuality "1"]

1. d4 f5 2. Bg5 d5 3. e3 g6 4. Ne2 Nh6 5. h4 Nf7 6. Bf4 Bg7 7. Ng3 e6 8. Nd2 Nd7 9. c4 c6 10. cxd5 exd5 11. h5 Nf6 12. Qc2 Qe7 13. 0-0-0 Ne4 14. Ngxe4 fxe4 15. hxg6 hxg6 16. Rxh8+ Bxh8 17. Be2 g5 18. Bg3 Bf5 19. Nb3 Bg7 20. Kb1 Kf8 21. Qc5 Qxc5 22. Nxc5 b6 23. Na6 Ke7 24. Rc1 Bd7 25. Nb4 Nd8 26. Ba6 Ke6 27. Bc7 c5 28. dxc5 bxc5 29. Rxc5 Bf8 30. Rxd5 Bxb4 31. Rxg5 Nf7 32. Rg4 Bc6 33. Bc4+ Ke7 34. a3 Bd6 35. Rg7 Bxc7 36. Rxf7+ Kd6 37. Rf6+ Kc5 38. b4+ Kb6 39. Bd5 1-0

[Event "Basel op"]
[Site "Basel"]
[Date "2019.01.02"]
[Round "1"]
[White "Roe, Simon J"]
[Black "Perreard, Nicolas"]
[Result "1/2-1/2"]
[WhiteElo "2210"]
[BlackElo "2032"]
[PlyCount "95"]
[EventDate "2019.01.02"]
[EventType "swiss"]
[EventRounds "7"]
[EventCountry "SUI"]
[SourceTitle "CBM 188 Extra"]
[Source "ChessBase"]
[SourceDate "2019.02.26"]
[SourceVersion "1"]
[SourceVersionDate "2019.02.26"]
[SourceQuality "1"]

1. Nf3 d5 2. c4 e6 3. g3 c6 4. Qc2 Nf6 5. Bg2 Be7 6. b3 b6 7. Bb2 Bb7 8. 0-0 Nbd7 9. d4 Rc8 10. Nbd2 0-0 11. Rad1 Rc7 12. e4 dxe4 13. Nxe4 Qa8 14. Nxf6+ Nxf6 15. c5 Nd5 16. Rfe1 Rd8 17. Ne5 bxc5 18. dxc5 a5 19. a3 f6 20. Nc4 Bxc5 21. Rxe6 Bc8 22. Ree1 Bg4 23. Rc1 Rcd7 24. h3 Bh5 25. Be4 Bg6 26. Bxg6 hxg6 27. Qxg6 Qb8 28. b4 axb4 29. axb4 Qxb4 30. Re2 Re7 31. Rxe7 Bxe7 32. Qe4 Bc5 33. Qe6+ Kh8 34. Qg4 Re8 35. Kg2 Kg8 36. Bd4 Bxd4 37. Qxd4 Kf7 38. Qd3 Re1 39. Rxe1 Qxe1 40. Nd6+ Kf8 41. Nf5 Kf7 42. Qf3 g6 43. Nh6+ Ke7 44. Ng4 Qe6 45. Qd3 c5 46. Qb5 Qd6 47. Kh2 Qc7 48. Qc4 1/2-1/2

[Event "SUI-ch HT1 118th"]
[Site "Lenzerheide"]
[Date "2018.07.15"]
[Round "4"]
[White "Perreard, Nicolas"]
[Black "Salzgeber, Frank"]
[Result "1/2-1/2"]
[WhiteElo "1964"]
[BlackElo "2210"]
[PlyCount "59"]
[EventDate "2018.07.12"]
[EventType "swiss"]
[EventRounds "9"]
[EventCountry "SUI"]
[SourceTitle "EXT 2019"]
[Source "ChessBase"]
[SourceDate "2018.10.10"]
[SourceVersion "1"]
[SourceVersionDate "2018.10.10"]
[SourceQuality "1"]

1. d4 Nf6 2. c4 e6 3. Nf3 d5 4. Nc3 Bb4 5. e3 0-0 6. Qc2 b6 7. a3 Be7 8. b4 a5 9. b5 Bb7 10. cxd5 exd5 11. Bd3 Bd6 12. 0-0 Nbd7 13. Bb2 Qe7 14. a4 Ne4 15. Nd2 Ndf6 16. Ncxe4 dxe4 17. Be2 Rfe8 18. Nc4 Nd5 19. Nxd6 cxd6 20. Rfc1 Rad8 21. Ba3 Qg5 22. Qd2 h5 23. Bc4 Re6 24. g3 h4 25. Qc2 hxg3 26. hxg3 Qg4 27. Be2 Qg5 28. Bc4 Qf5 29. Bf1 Qg5 30. Bc4 1/2-1/2

[Event "SUI-ch HT1 118th"]
[Site "Lenzerheide"]
[Date "2018.07.13"]
[Round "2"]
[White "Perreard, Nicolas"]
[Black "Curien, Nicolas"]
[Result "1/2-1/2"]
[WhiteElo "1964"]
[BlackElo "2204"]
[PlyCount "93"]
[EventDate "2018.07.12"]
[EventType "swiss"]
[EventRounds "9"]
[EventCountry "SUI"]
[SourceTitle "EXT 2019"]
[Source "ChessBase"]
[SourceDate "2018.10.10"]
[SourceVersion "1"]
[SourceVersionDate "2018.10.10"]
[SourceQuality "1"]

1. d4 d5 2. c4 e6 3. Nc3 Bb4 4. e3 Nf6 5. Nf3 0-0 6. Qc2 b6 7. cxd5 exd5 8. Bd3 Re8 9. 0-0 Ba6 10. Ne5 Bxd3 11. Nxd3 Bf8 12. b4 c6 13. a4 Nbd7 14. Ba3 Rc8 15. Qb2 Ne4 16. Rac1 Nd6 17. Rc2 Nc4 18. Qb3 Bd6 19. Nb2 Nxa3 20. Qxa3 Qh4 21. h3 g5 22. Rfc1 g4 23. hxg4 Qh2+ 24. Kf1 Qh1+ 25. Ke2 Qxg2 26. Nd3 Nf6 27. Qa1 Rxe3+ 28. Kxe3 Re8+ 29. Kd2 Bf4+ 30. Nxf4 Qxf2+ 31. Nfe2 Qe3+ 32. Kd1 Nxg4 33. Rd2 Qe7 34. Kc2 Ne3+ 35. Kb3 a5 36. Na2 Nc4 37. Rdc2 b5 38. Qc3 bxa4+ 39. Kxa4 Qb7 40. Qg3+ Kh8 41. Rxc4 Qb5+ 42. Kb3 dxc4+ 43. Rxc4 a4+ 44. Kc3 Rxe2 45. Rc5 Qb7 46. Qd6 Rg2 47. Qf6+ 1/2-1/2

[Event "Les Diablerets op"]
[Site "Les Diablerets"]
[Date "2015.07.04"]
[Round "2"]
[White "Perreard, Nicolas"]
[Black "Buffat, Pierre Andre"]
[Result "1/2-1/2"]
[WhiteElo "1498"]
[BlackElo "1744"]
[PlyCount "81"]
[EventDate "2015.07.03"]
[EventType "swiss"]
[EventRounds "5"]
[EventCountry "SUI"]
[SourceTitle "CBM 167 Extra"]
[Source "ChessBase"]
[SourceDate "2015.09.14"]
[SourceVersion "1"]
[SourceVersionDate "2015.09.14"]
[SourceQuality "1"]

1. e4 d5 2. exd5 Qxd5 3. Nc3 Qa5 4. Bc4 Nf6 5. h3 Bf5 6. d3 e6 7. Bf4 Bd6 8. Bxd6 cxd6 9. Nf3 0-0 10. 0-0 Nc6 11. Nh4 Bg6 12. Nxg6 hxg6 13. Qf3 Ne5 14. Qxb7 Nxc4 15. dxc4 Rab8 16. Qf3 Rxb2 17. Rac1 Rfb8 18. Rfd1 Qe5 19. Re1 Qg5 20. Qd3 Rd8 21. Qd4 Qc5 22. Qd3 Rb4 23. Ne4 Nxe4 24. Rxe4 Rc8 25. Rd1 Rxc4 26. Rxc4 Qxc4 27. Qxc4 Rxc4 28. Rxd6 Rxc2 29. Ra6 Rc7 30. Kf1 Kf8 31. Ke2 Ke7 32. Kd3 Kf6 33. Kd4 g5 34. g4 g6 35. f3 Ke7 36. Kd3 Kd7 37. Kd4 Kc8 38. Ke5 Kb7 39. Ra3 Kc8 40. Kf6 Rb7 41. Kxg5 1/2-1/2